[Event "Poitiers Futuroscope Rapid"]
[Site "Poitiers"]
[Date "2019.12.01"]
[Round "4.1"]
[White "Lagarde, Maxime"]
[Black "Hutois, Mickael"]
[Result "1-0"]
[WhiteElo "2657"]
[BlackElo "2277"]
[PlyCount "75"]
[EventDate "2019.12.01"]
[EventType "swiss (rapid)"]
[EventRounds "7"]
[EventCountry "FRA"]
[SourceTitle "EXT 2021"]
[Source "ChessBase"]
[SourceDate "2020.10.23"]
[SourceVersion "1"]
[SourceVersionDate "2020.10.23"]
[SourceQuality "1"]

1. c4 e5 2. Nc3 Nf6 3. Nf3 Nc6 4. g3 d5 5. cxd5 Nxd5 6. Bg2 Nb6 7. 0-0 Be6 8. d3 Be7 9. Be3 f5 10. a3 a5 11. Rc1 0-0 12. Na4 Nd5 13. Bc5 Bd6 14. e4 Nb6 15. exf5 Bd5 16. Bxb6 cxb6 17. Nc3 Bxf3 18. Qxf3 Kh8 19. Qh5 Bc5 20. Be4 Qf6 21. g4 Qf7 22. Qxf7 Rxf7 23. Bxc6 bxc6 24. Ne4 Bd4 25. Rxc6 b5 26. b3 b4 27. a4 h5 28. h3 Kg8 29. Rfc1 hxg4 30. hxg4 Rd7 31. Kf1 Bb2 32. R1c2 Bd4 33. Ke2 Rad8 34. Rc8 Kf7 35. Rxd8 Rxd8 36. Rc7+ Kf8 37. Ng5 Rb8 38. Ne6+ 1-0

[Event "Sautron op 19th"]
[Site "Sautron"]
[Date "2019.10.21"]
[Round "5.3"]
[White "Hutois, Mickael"]
[Black "Stephan, Victor"]
[Result "0-1"]
[WhiteElo "2279"]
[BlackElo "2427"]
[PlyCount "84"]
[EventDate "2019.12.10"]
[EventType "swiss"]
[EventRounds "9"]
[EventCountry "FRA"]
[SourceTitle "EXT 2022"]
[Source "ChessBase"]
[SourceDate "2021.10.06"]
[SourceVersion "1"]
[SourceVersionDate "2021.10.06"]
[SourceQuality "1"]

1. e4 c5 2. Nf3 d6 3. d4 cxd4 4. Nxd4 Nf6 5. Nc3 a6 6. Be3 e6 7. f3 b5 8. g4 h6 9. Qd2 Nbd7 10. 0-0-0 Nb6 11. Qf2 Nfd7 12. h4 Bb7 13. Bd3 Rc8 14. Nce2 Qc7 15. Kb1 Nc5 16. g5 hxg5 17. hxg5 Rxh1 18. Rxh1 e5 19. Nb3 Nxd3 20. cxd3 Qc2+ 21. Ka1 Na4 22. Ng3 Qxd3 23. Bc1 Qc2 24. Qxc2 Rxc2 25. Nf5 g6 26. Ne3 Rc7 27. Rh8 Nb6 28. Kb1 Bc8 29. Bd2 Be6 30. Bb4 Nc8 31. Nc1 f6 32. Nd3 Rf7 33. Ng4 fxg5 34. Ndxe5 dxe5 35. Nxe5 Rf6 36. a3 Ne7 37. Kc2 g4 38. fxg4 g5 39. Rh5 Ng6 40. Bxf8 Nxe5 41. Bg7 Rf2+ 42. Kc3 Nf7 0-1

[Event "Sautron op 19th"]
[Site "Sautron"]
[Date "2019.10.19"]
[Round "1.12"]
[White "Hutois, Mickael"]
[Black "Vasselin, Louis"]
[Result "1-0"]
[WhiteElo "2279"]
[BlackElo "1660"]
[PlyCount "39"]
[EventDate "2019.12.10"]
[EventType "swiss"]
[EventRounds "9"]
[EventCountry "FRA"]
[SourceTitle "EXT 2022"]
[Source "ChessBase"]
[SourceDate "2021.10.06"]
[SourceVersion "1"]
[SourceVersionDate "2021.10.06"]
[SourceQuality "1"]

1. e4 e6 2. Qe2 d5 3. exd5 Qxd5 4. Nf3 Nf6 5. Nc3 Qd8 6. d4 c5 7. Be3 Qb6 8. 0-0-0 Nc6 9. d5 Nb4 10. dxe6 Bxe6 11. Ng5 Be7 12. Nxe6 Qxe6 13. Qb5+ Nd7 14. a3 Nc6 15. Bc4 Qg6 16. Rxd7 Kxd7 17. Qxb7+ Kd6 18. Nb5+ Ke5 19. f4+ Kf5 20. Bd3+ 1-0

[Event "Sautron op 19th"]
[Site "Sautron"]
[Date "2019.10.19"]
[Round "2.12"]
[White "Maugin, Narada"]
[Black "Hutois, Mickael"]
[Result "0-1"]
[WhiteElo "1852"]
[BlackElo "2279"]
[PlyCount "94"]
[EventDate "2019.12.10"]
[EventType "swiss"]
[EventRounds "9"]
[EventCountry "FRA"]
[SourceTitle "EXT 2022"]
[Source "ChessBase"]
[SourceDate "2021.10.06"]
[SourceVersion "1"]
[SourceVersionDate "2021.10.06"]
[SourceQuality "1"]

1. e4 e5 2. Nf3 Nc6 3. d4 exd4 4. Nxd4 Qf6 5. Nf3 Qg6 6. Nbd2 Nh6 7. Bc4 Be7 8. 0-0 d6 9. Kh1 0-0 10. Re1 Kh8 11. Nf1 f5 12. Bxh6 Qxh6 13. exf5 Bxf5 14. h3 Bf6 15. c3 Ne5 16. Nxe5 Bxe5 17. Kg1 Qg5 18. Qf3 c6 19. Qe3 Bf4 20. Qe7 Qg6 21. Be6 Be4 22. Bg4 Rae8 23. Qh4 Bg5 24. Qg3 Qf6 25. Bf3 Bh4 26. Qg4 Bxf3 27. gxf3 Qg5 28. Ng3 d5 29. Kg2 g6 30. Nf1 Qf6 31. Rxe8 Rxe8 32. Ne3 h5 33. Qd4 Qxd4 34. cxd4 Kg7 35. a4 a5 36. Ra3 Bf6 37. Rd3 Rb8 38. Nc2 Kf7 39. Kg3 Ke6 40. Kf4 Kd6 41. b3 Bh4 42. Ne1 Rf8+ 43. Ke3 Re8+ 44. Kd2 Bxf2 45. Ng2 g5 46. f4 g4 47. f5 Rf8 0-1

[Event "Cappelle op 35th"]
[Site "Cappelle la Grande"]
[Date "2019.02.20"]
[Round "7"]
[White "Guilleux, Fabien"]
[Black "Hutois, Mickael"]
[Result "1-0"]
[WhiteElo "2441"]
[BlackElo "2223"]
[PlyCount "93"]
[EventDate "2019.02.16"]
[EventType "swiss"]
[EventRounds "9"]
[EventCountry "FRA"]
[SourceTitle "CBM 189 Extra"]
[Source "ChessBase"]
[SourceDate "2019.06.03"]
[SourceVersion "1"]
[SourceVersionDate "2019.06.03"]
[SourceQuality "1"]

1. Nf3 Nf6 2. c4 e6 3. Nc3 b6 4. g3 Bb7 5. Bg2 Bb4 6. Qc2 0-0 7. a3 Bxc3 8. Qxc3 d6 9. b4 Nbd7 10. Bb2 Qe7 11. 0-0 a5 12. Rfe1 axb4 13. axb4 Rxa1 14. Rxa1 Ra8 15. Rxa8+ Bxa8 16. Qa3 Qe8 17. Qa7 Qb8 18. Qxb8+ Nxb8 19. Bxf6 gxf6 20. Nd4 Bxg2 21. Kxg2 f5 22. d3 Kg7 23. Kf3 Kf6 24. Ke3 Ke5 25. f4+ Kf6 26. Kd2 e5 27. Nc2 c5 28. b5 exf4 29. gxf4 Kg6 30. Ke3 Nd7 31. Kf3 Nf6 32. Ne3 Nd7 33. Nd5 Kg7 34. Kg3 Kg6 35. Kh4 h6 36. e3 Kg7 37. Kh5 Kh7 38. Ne7 Nf6+ 39. Kh4 Kh8 40. Nxf5 d5 41. Nxh6 dxc4 42. dxc4 Kg7 43. Nf5+ Kf8 44. Nd6 Nd7 45. Kg5 Ke7 46. Nc8+ Kd8 47. Na7 1-0

[Event "Cappelle op 35th"]
[Site "Cappelle la Grande"]
[Date "2019.02.20"]
[Round "6"]
[White "Hutois, Mickael"]
[Black "Sochacki, Christophe"]
[Result "1-0"]
[WhiteElo "2223"]
[BlackElo "2482"]
[PlyCount "73"]
[EventDate "2019.02.16"]
[EventType "swiss"]
[EventRounds "9"]
[EventCountry "FRA"]
[SourceTitle "CBM 189 Extra"]
[Source "ChessBase"]
[SourceDate "2019.06.03"]
[SourceVersion "1"]
[SourceVersionDate "2019.06.03"]
[SourceQuality "1"]

1. e4 e6 2. Qe2 c5 3. g3 Nc6 4. Nf3 Nge7 5. Bg2 d5 6. d3 g6 7. 0-0 Bg7 8. c3 b6 9. Na3 Ba6 10. e5 h6 11. h4 b5 12. Nc2 b4 13. c4 Bb7 14. cxd5 exd5 15. d4 a5 16. Re1 Ba6 17. Qd1 c4 18. Bf4 Qb6 19. Bh3 Nd8 20. e6 Nxe6 21. Bxe6 fxe6 22. Ne5 Rh7 23. Qg4 Bxe5 24. Bxe5 Kd7 25. Bf6 Rg8 26. Re5 h5 27. Qg5 b3 28. axb3 cxb3 29. Ne3 Nc6 30. Rxd5+ Kc7 31. Rc5 Kb8 32. Rac1 Rc8 33. Nc4 Bxc4 34. R1xc4 Rb7 35. d5 exd5 36. Qxd5 Rbc7 37. Rb5 1-0

[Event "Sautron op 18th"]
[Site "Sautron "]
[Date "2018.10.20"]
[Round "4.15"]
[White "Famel, Edouard"]
[Black "Hutois, Mickael"]
[Result "0-1"]
[WhiteElo "1855"]
[BlackElo "2265"]
[PlyCount "56"]
[EventDate "2018.10.20"]
[EventType "swiss"]
[EventRounds "9"]
[EventCountry "FRA"]
[SourceTitle "EXT 2021"]
[Source "ChessBase"]
[SourceDate "2020.10.23"]
[SourceVersion "1"]
[SourceVersionDate "2020.10.23"]
[SourceQuality "1"]

1. e4 e5 2. Nf3 Nc6 3. c3 Nf6 4. d4 Nxe4 5. d5 Ne7 6. Nxe5 Ng6 7. Nf3 Bc5 8. Be3 Bxe3 9. fxe3 0-0 10. Qd4 Nf6 11. Nbd2 c6 12. c4 Re8 13. 0-0-0 Qa5 14. dxc6 dxc6 15. a3 Bf5 16. Re1 Rad8 17. Qc3 Qxc3+ 18. bxc3 c5 19. h3 h5 20. Ng5 Rd6 21. e4 Bd7 22. Ndf3 Ra6 23. Kb2 Bc6 24. Bd3 Nd7 25. Nd2 Nde5 26. Bc2 Nf4 27. Re3 Rd8 28. Ngf3 Nxg2 0-1

[Event "Sautron op 18th"]
[Site "Sautron "]
[Date "2018.10.20"]
[Round "3.17"]
[White "Hutois, Mickael"]
[Black "Bouget, Alexandre"]
[Result "1/2-1/2"]
[WhiteElo "2265"]
[BlackElo "2268"]
[PlyCount "51"]
[EventDate "2018.10.20"]
[EventType "swiss"]
[EventRounds "9"]
[EventCountry "FRA"]
[SourceTitle "EXT 2021"]
[Source "ChessBase"]
[SourceDate "2020.10.23"]
[SourceVersion "1"]
[SourceVersionDate "2020.10.23"]
[SourceQuality "1"]

1. e4 c6 2. d4 d5 3. exd5 cxd5 4. Bd3 Nf6 5. c3 Nc6 6. Bf4 e6 7. Nf3 Bd6 8. Bg3 0-0 9. Nbd2 Qc7 10. 0-0 h6 11. Re1 Bxg3 12. hxg3 a6 13. Qe2 b5 14. Ne5 Nxe5 15. Qxe5 Qxe5 16. Rxe5 Bd7 17. Nb3 a5 18. Ree1 Bc6 19. Nc5 Nd7 20. Nxd7 Bxd7 21. Kf1 Rab8 22. Rab1 Rfc8 23. Ke2 b4 24. Kd2 Kf8 25. Rec1 Ke7 26. f3 1/2-1/2

[Event "Agneaux St Lo op 20th"]
[Site "Agneaux"]
[Date "2018.07.10"]
[Round "4"]
[White "Mas, Victor"]
[Black "Hutois, Mickael"]
[Result "0-1"]
[WhiteElo "2006"]
[BlackElo "2275"]
[PlyCount "72"]
[EventDate "2018.07.07"]
[EventType "swiss"]
[EventRounds "9"]
[EventCountry "FRA"]
[SourceTitle "CBM 185 Extra"]
[Source "ChessBase"]
[SourceDate "2018.07.29"]
[SourceVersion "1"]
[SourceVersionDate "2018.07.29"]
[SourceQuality "1"]

1. d4 Nf6 2. Nf3 e6 3. c4 Bb4+ 4. Bd2 a5 5. a3 Be7 6. Nc3 d5 7. g3 0-0 8. Bg2 Nc6 9. cxd5 Nxd5 10. e4 Nb6 11. Bf4 g5 12. Be3 Nc4 13. Qe2 Nxe3 14. fxe3 g4 15. Nd2 e5 16. d5 Nb8 17. h3 Kh8 18. hxg4 Rg8 19. Bf3 Bg5 20. 0-0-0 Rg7 21. Rh5 f6 22. Rdh1 Bd7 23. Qh2 Qg8 24. Be2 Be8 25. Rh3 Nd7 26. Qf2 Nc5 27. Bc4 Bg6 28. Qf3 Qe8 29. a4 c6 30. b3 Rb8 31. Qe2 Qf8 32. Kb2 b5 33. axb5 cxb5 34. Bxb5 Rgb7 35. Bc6 Rb4 36. Ra1 Nxb3 0-1